000 00647cam a22002053a 4500
001 38819
003 PGUSA
005 20140828083845.0
008 120210s2012||||xxu|||||s|||||000 | eng d
040 _aPGUSA
_beng
042 _adc
100 1 _aGilbert, Clinton W.
_q(Clinton Wallace),
_d1871-1933
245 1 0 _aBehind the Mirrors :
_bThe Psychology of Disintegration at Washington
_h[electronic resource] /
_cClinton W. Gilbert
260 _bProject Gutenberg,
_c2012
506 _aPublic domain in the USA.
516 _aElectronic text
830 0 _aProject Gutenberg
_v38819
856 4 0 _uhttp://www.gutenberg.org/ebooks/38819
942 _cEB
999 _c268073
_d268073